000
00304nam a2200109Ia 4500
008
220203s9999 xx 000 0 und d
041
_a
Malayalam
245
0
_a
Rubber Planting Materials Approved
260
_b
Rubber Research Institute of India
_a
Kottayam
_c
2009
650
_a
Crop Improvement
942
_c
PN
999
_c
45145
_d
45145